Pasos por buenos aires /

Guardado en:
Autor Principal: Quilici, Laura
Formato: Libro
Publicado: Buenos Aires : Capricornio, 1959
Etiquetas: Agregar Etiqueta
Sin Etiquetas, Sea el primero en etiquetar este registro!
LEADER 00566nam a22001575a 4500
001 CEM.cems005231
005 20060220000000.0
008 130507s1959##################000#0#####d
003 CEMS
082 0 4 |a 779.09821 
100 1 |a Quilici, Laura 
245 1 0 |a Pasos por buenos aires / 
260 |a Buenos Aires :  |b Capricornio,  |c 1959 
300 |a 136 p. 
505 0 |a Tendencias.-El sorprendente ¢rgano de ondas; instrumentos electr¢nicos y su empleo.-"M£sica Concreta" de la Escuela de Par¡s.-Mirada al futuro. 
859 |a CEMS  |b BIB. CEMS - 11 de abril  |h 779.09821  |i Q42  |p 11002.82  |t Ej.1